[Event "St Louis Spring A"]
[Site "Saint Louis USA"]
[Date "2018.03.10"]
[Round "5.3"]
[White "Zherebukh, Yaroslav"]
[Black "Akobian, Varuzhan"]
[Result "1/2-1/2"]
[WhiteTitle "GM"]
[BlackTitle "GM"]
[WhiteElo "2633"]
[BlackElo "2640"]
[WhiteFideId "14116804"]
[BlackFideId "13300580"]
[EventDate "2018.03.06"]

1. e4 e6 2. d4 d5 3. Nc3 Bb4 4. e5 c5 5. a3 Bxc3+ 6. bxc3 Ne7 7. Qg4 Kf8 8. a4
Qc7 9. Qd1 Kg8 10. Nf3 b6 11. a5 bxa5 12. Ba3 c4 13. Ng5 Nbc6 14. Be2 f6 15. Nf3
fxe5 16. Bxe7 Qxe7 17. Nxe5 Nxe5 18. dxe5 Qc7 19. O-O Bd7 20. Qd4 a4 21. Rab1 h6
22. Rb4 a5 23. Rb6 Kh7 24. Bg4 Rhe8 25. Rd6 Rab8 26. f4 a3 27. Ra1 a4 28. Rxa3
Rb1+ 29. Kf2 Qb7 30. Kg3 Re7 31. Qc5 Rb5 32. Rb6 Qxb6 33. Qxe7 Qe3+ 34. Bf3 Rb7
35. h4 Qe1+ 36. Kh3 Qh1+ 37. Kg3 Qe1+ 38. Kh3 Qh1+ 1/2-1/2

[Event "St Louis Spring A"]
[Site "Saint Louis USA"]
[Date "2018.03.10"]
[Round "5.4"]
[White "Xiong, Jeffery"]
[Black "Bruzon Batista, Lazaro"]
[Result "1/2-1/2"]
[WhiteTitle "GM"]
[BlackTitle "GM"]
[WhiteElo "2640"]
[BlackElo "2673"]
[WhiteFideId "2047640"]
[BlackFideId "3503739"]
[EventDate "2018.03.06"]

1. e4 c5 2. Nf3 d6 3. d4 Nf6 4. Bb5+ Bd7 5. Bxd7+ Nfxd7 6. d5 g6 7. c4 Bg7 8.
Qc2 Na6 9. O-O Nc7 10. Nc3 a6 11. b3 b5 12. Bb2 O-O 13. Nd1 Bxb2 14. Nxb2 e6 15.
Rad1 exd5 16. exd5 Re8 17. Qc3 Rb8 18. Rfe1 Qf6 19. Qxf6 Nxf6 20. Rxe8+ Ncxe8
21. Nd3 Ne4 22. Rc1 a5 23. Nb2 Nc7 24. Re1 f5 25. h4 a4 26. Ng5 a3 27. Nd3 Nxg5
28. hxg5 Kf7 29. Kh2 Re8 30. Rxe8 Kxe8 31. Ne1 Kf7 32. Nc2 b4 33. f4 1/2-1/2

[Event "St Louis Spring A"]
[Site "Saint Louis USA"]
[Date "2018.03.10"]
[Round "5.5"]
[White "Ipatov, Alexander"]
[Black "Ganguly, Surya Shekhar"]
[Result "1/2-1/2"]
[WhiteTitle "GM"]
[BlackTitle "GM"]
[WhiteElo "2665"]
[BlackElo "2657"]
[WhiteFideId "14116731"]
[BlackFideId "5002150"]
[EventDate "2018.03.06"]

1. d4 Nf6 2. c4 e6 3. Nf3 d5 4. g3 dxc4 5. Bg2 c5 6. O-O Nc6 7. dxc5 Qxd1 8.
Rxd1 Bxc5 9. Nbd2 c3 10. bxc3 O-O 11. Nb3 Be7 12. c4 Bd7 13. Bb2 Rfd8 14. Nfd4
Rab8 15. Nxc6 Bxc6 16. Bxc6 bxc6 17. Be5 Rxd1+ 18. Rxd1 Rb6 19. Bd4 Ra6 20. Bc5
Kf8 21. Rd8+ Ne8 22. e4 Rxa2 23. e5 Bxc5 24. Nxc5 Ra5 25. Nd3 Ra4 26. Rd7 a5 27.
Nc5 Rxc4 28. Nb7 c5 29. Nxa5 Rc1+ 30. Kg2 c4 31. Rd4 c3 32. Rc4 g5 33. h3 Kg7
34. Nb3 Re1 35. Rc8 Kf8 36. f4 gxf4 37. gxf4 Re3 38. Nd4 Re4 39. Nb5 c2 40. Kf3
Rb4 41. Nd6 c1=Q 42. Rxc1 Nxd6 43. exd6 Rd4 44. Rc8+ Kg7 45. Rd8 Kf6 46. Ke3 Rd1
47. Ke4 Rd2 48. Ke3 Rd1 49. Ke4 Rd2 50. Ke3 Rd1 1/2-1/2

[Event "St Louis Spring A"]
[Site "Saint Louis USA"]
[Date "2018.03.11"]
[Round "6.1"]
[White "Swiercz, Dariusz"]
[Black "Ganguly, Surya Shekhar"]
[Result "1/2-1/2"]
[WhiteTitle "GM"]
[BlackTitle "GM"]
[WhiteElo "2654"]
[BlackElo "2657"]
[WhiteFideId "1126881"]
[BlackFideId "5002150"]
[EventDate "2018.03.06"]

1. e4 c5 2. Nf3 e6 3. d4 cxd4 4. Nxd4 Nc6 5. Nc3 Qc7 6. g3 a6 7. Bg2 Nf6 8. O-O
d6 9. Nxc6 bxc6 10. Na4 Bb7 11. c4 c5 12. Qe2 Be7 13. b3 O-O 14. Bb2 Nd7 15.
Rad1 Bc6 16. Nc3 Bf6 17. Nb1 a5 18. Bxf6 Nxf6 19. Nc3 a4 20. e5 dxe5 21. Bxc6
Qxc6 22. Nxa4 Rfd8 23. Qxe5 Ne4 24. Qf4 e5 25. Qf3 Qg6 26. h4 f5 27. Nc3 Nxc3
28. Rxd8+ Rxd8 29. Qxc3 e4 30. Qe5 h6 31. Re1 Rd3 32. Kg2 Qh5 33. Qf4 Rf3 34.
Qd2 Rd3 35. Qf4 Rf3 36. Qd2 Rd3 37. Qe2 Rf3 38. a4 Qg6 39. a5 Rxb3 40. Qa2 Rb7
41. Qd2 Qc6 42. Rd1 Kh7 43. Qd5 Qc8 44. g4 g6 45. Qe5 Rf7 46. Rd6 fxg4 47. Qxe4
Rxf2+ 48. Kxf2 Qf8+ 49. Kg2 Qxd6 50. h5 Qd2+ 51. Kg3 Qxa5 52. Qe7+ Kg8 53. Qe8+
Kg7 54. Qe7+ Kg8 55. Qe6+ Kg7 56. Qxg6+ Kh8 57. Qf6+ Kh7 58. Qf7+ Kh8 59. Qe8+
Kg7 60. Qg6+ Kh8 61. Qxh6+ Kg8 62. Qg6+ Kh8 63. Qf6+ Kh7 64. Kxg4 Qc7 65. h6 Qb7
66. Qg7+ Qxg7+ 67. hxg7 Kxg7 68. Kg5 Kf7 69. Kf5 Ke7 70. Ke5 Kd7 71. Kd5 Kd8 72.
Kd6 Kc8 73. Kc6 Kb8 74. Kxc5 Kc7 75. Kd5 Kd7 76. c5 Kc7 77. c6 Kc8 78. Kd6 Kd8
79. c7+ Kc8 80. Kc6 1/2-1/2

[Event "St Louis Spring A"]
[Site "Saint Louis USA"]
[Date "2018.03.11"]
[Round "6.2"]
[White "Edouard, Romain"]
[Black "Onischuk, Alexander"]
[Result "1-0"]
[WhiteTitle "GM"]
[BlackTitle "GM"]
[WhiteElo "2612"]
[BlackElo "2681"]
[WhiteFideId "633429"]
[BlackFideId "14101025"]
[EventDate "2018.03.06"]

1. c4 e6 2. g3 Nf6 3. Bg2 d5 4. Nf3 Be7 5. O-O O-O 6. d4 dxc4 7. Qc2 a6 8. a4
Bd7 9. Qxc4 Bc6 10. Bg5 Bd5 11. Qd3 Be4 12. Qe3 Bc6 13. Nc3 Nbd7 14. Qd3 h6 15.
Bxf6 Bxf6 16. Rfd1 Qe7 17. e4 Qb4 18. Qc2 Nb6 19. a5 Nd7 20. d5 exd5 21. Nxd5
Bxd5 22. Rxd5 Rfd8 23. e5 Nxe5 24. Rxe5 Bxe5 25. Nxe5 c6 26. Qf5 Qe7 27. Re1 Re8
28. Re3 Qf6 29. Qxf6 gxf6 30. Nd7 Rxe3 31. fxe3 Rd8 32. Bh3 Kg7 33. Kf2 h5 34.
Bf5 Rh8 35. Ke2 h4 36. g4 h3 37. Kf3 Rd8 38. b4 Kh6 39. Kg3 Re8 40. e4 Kg5 41.
Kxh3 Kf4 42. Kg2 Rh8 43. h3 Ke3 44. Kg3 Kd4 45. h4 Kc3 46. h5 Kxb4 47. Nxf6 1-0

[Event "St Louis Spring A"]
[Site "Saint Louis USA"]
[Date "2018.03.11"]
[Round "6.3"]
[White "Akobian, Varuzhan"]
[Black "Xiong, Jeffery"]
[Result "0-1"]
[WhiteTitle "GM"]
[BlackTitle "GM"]
[WhiteElo "2640"]
[BlackElo "2640"]
[WhiteFideId "13300580"]
[BlackFideId "2047640"]
[EventDate "2018.03.06"]

1. d4 Nf6 2. c4 g6 3. Nc3 d5 4. cxd5 Nxd5 5. e4 Nxc3 6. bxc3 Bg7 7. Ba3 Nd7 8.
Bc4 c5 9. Qb3 O-O 10. Nf3 cxd4 11. cxd4 Nb6 12. Be2 Be6 13. Qb4 Rc8 14. O-O Bc4
15. Rfe1 Bxe2 16. Rxe2 Nc4 17. Rd1 Qd7 18. Bc1 a5 19. Qb3 b5 20. Rc2 Rfd8 21. h3
h6 22. d5 e6 23. h4 Qe8 24. Re1 exd5 25. exd5 Qd7 26. Rd1 Qf5 27. a4 Rxd5 28.
Rxd5 Qxd5 29. axb5 Qd1+ 30. Kh2 Bf8 31. Rc3 Qxb3 32. Rxb3 a4 33. Rb1 a3 34. b6
Bg7 35. b7 Rb8 36. Bf4 a2 0-1

[Event "St Louis Spring A"]
[Site "Saint Louis USA"]
[Date "2018.03.11"]
[Round "6.4"]
[White "Shankland, Samuel"]
[Black "Zherebukh, Yaroslav"]
[Result "1/2-1/2"]
[WhiteTitle "GM"]
[BlackTitle "GM"]
[WhiteElo "2668"]
[BlackElo "2633"]
[WhiteFideId "2004887"]
[BlackFideId "14116804"]
[EventDate "2018.03.06"]

1. e4 c5 2. Nf3 d6 3. d4 cxd4 4. Nxd4 Nf6 5. Nc3 a6 6. Be3 e6 7. a3 Be7 8. g4 d5
9. exd5 Nxd5 10. Nxd5 Qxd5 11. Rg1 Qa5+ 12. Qd2 Qxd2+ 13. Kxd2 Nd7 14. h3 O-O
15. Rd1 Nf6 16. Bg2 Nd5 17. Nf5 exf5 18. Bxd5 fxg4 19. hxg4 Be6 20. Bxe6 fxe6
21. Ke2 Rad8 22. Bb6 Rc8 23. c3 Bc5 24. Bxc5 Rxc5 25. Rd3 b5 26. Re3 Kf7 27. Rd1
Ke7 28. Rd4 h5 29. gxh5 Rxh5 30. Rg4 g5 31. Rge4 Rf6 32. c4 Rh2 33. Rf3 Rxf3 34.
Kxf3 Rh3+ 35. Kg2 Rb3 36. cxb5 axb5 37. a4 bxa4 1/2-1/2

[Event "St Louis Spring A"]
[Site "Saint Louis USA"]
[Date "2018.03.11"]
[Round "6.5"]
[White "Bruzon Batista, Lazaro"]
[Black "Ipatov, Alexander"]
[Result "1/2-1/2"]
[WhiteTitle "GM"]
[BlackTitle "GM"]
[WhiteElo "2673"]
[BlackElo "2665"]
[WhiteFideId "3503739"]
[BlackFideId "14116731"]
[EventDate "2018.03.06"]

1. e4 e5 2. Nf3 Nc6 3. Bb5 a6 4. Ba4 Nf6 5. O-O Be7 6. d3 b5 7. Bb3 d6 8. a4 b4
9. Nbd2 Na5 10. Ba2 O-O 11. c3 Rb8 12. Re1 c5 13. d4 Qc7 14. dxe5 dxe5 15. Nc4
Nxc4 16. Bxc4 bxc3 17. bxc3 a5 18. Qc2 Nd7 19. Be3 Nb6 20. Bf1 Be6 21. Nd2 h6
22. Reb1 Bg5 23. Bxg5 hxg5 24. Rb5 Qa7 25. c4 Bd7 26. Rxc5 Nxa4 27. Rd5 Rb2 28.
Qc1 Rfb8 29. c5 Bc6 30. Rxe5 Qd7 31. Nc4 Qd4 32. Nxb2 Rxb2 33. Rf5 Bxe4 34. Rxa4
Qxa4 35. Qxb2 Bxf5 36. Qb8+ Kh7 37. Qe5 Qe4 38. Qc3 Qb4 39. Qe5 Qb1 40. Qc3 a4
41. c6 Qb3 42. Qc5 Be6 43. Qxg5 a3 44. Qh4+ Kg6 45. c7 a2 46. Qe4+ f5 47. Qe5
Kh7 48. h3 Bd7 49. Qd4 Qb1 50. Qh4+ Kg6 51. Qg3+ Kf7 52. Qd6 Qxf1+ 53. Kxf1
a1=Q+ 54. Ke2 Qa2+ 55. Kf3 Bc8 56. Kg3 Qc4 57. f3 g5 58. f4 Qc3+ 59. Kh2 g4 60.
h4 Qf6 61. Qd8 Qe6 62. h5 Kg7 63. Kg3 Qe1+ 64. Kh2 Qe6 65. Kg3 Bb7 66. Kh4 Qf6+
67. Kg3 Qc3+ 68. Kh4 Qf6+ 69. Kg3 Qe6 70. Kh4 Qf6+ 1/2-1/2

[Event "St Louis Spring A"]
[Site "Saint Louis USA"]
[Date "2018.03.12"]
[Round "7.1"]
[White "Onischuk, Alexander"]
[Black "Swiercz, Dariusz"]
[Result "1/2-1/2"]
[WhiteTitle "GM"]
[BlackTitle "GM"]
[WhiteElo "2681"]
[BlackElo "2654"]
[WhiteFideId "14101025"]
[BlackFideId "1126881"]
[EventDate "2018.03.06"]

1. d4 Nf6 2. c4 g6 3. Nc3 d5 4. cxd5 Nxd5 5. Bd2 Nb6 6. Nf3 Bg7 7. Bf4 O-O 8. e3
Be6 9. Be2 c5 10. dxc5 N6d7 11. Nd4 Nxc5 12. Nxe6 Nxe6 13. Bg3 Nc6 14. O-O Nc5
15. Rc1 Bxc3 16. Rxc3 Ne4 17. Rd3 Nxg3 18. hxg3 Qc7 19. Rd7 Qb6 20. Qb3 Qxb3 21.
axb3 Rab8 22. Bf3 e6 23. Rc1 Rfd8 24. Bxc6 bxc6 25. Rxd8+ Rxd8 26. Rxc6 Rd1+ 27.
Kh2 Rd2 28. Kg1 Rxb2 29. Ra6 Rxb3 30. Rxa7 h5 31. Ra4 Rb1+ 1/2-1/2

[Event "St Louis Spring A"]
[Site "Saint Louis USA"]
[Date "2018.03.12"]
[Round "7.2"]
[White "Zherebukh, Yaroslav"]
[Black "Edouard, Romain"]
[Result "1/2-1/2"]
[WhiteTitle "GM"]
[BlackTitle "GM"]
[WhiteElo "2633"]
[BlackElo "2612"]
[WhiteFideId "14116804"]
[BlackFideId "633429"]
[EventDate "2018.03.06"]

1. e4 c5 2. Nf3 Nc6 3. d4 cxd4 4. Nxd4 g6 5. c4 Bg7 6. Be3 Nf6 7. Nc3 d6 8. Be2
O-O 9. O-O Bd7 10. Nb3 a5 11. Nd2 Bc8 12. Rc1 Nd7 13. Nb3 a4 14. Nd4 Nxd4 15.
Bxd4 Bxd4 16. Qxd4 Qb6 17. Qxb6 Nxb6 18. f4 Be6 19. Nb5 Rfc8 20. b3 axb3 21.
axb3 Bd7 22. Nd4 Ra2 23. e5 dxe5 24. fxe5 e6 25. Bf3 Bc6 26. Nxc6 bxc6 27. Rfd1
Ra7 28. Rd6 Rac7 29. b4 Kf8 30. c5 Nd5 31. Bxd5 1/2-1/2

[Event "St Louis Spring A"]
[Site "Saint Louis USA"]
[Date "2018.03.12"]
[Round "7.3"]
[White "Xiong, Jeffery"]
[Black "Shankland, Samuel"]
[Result "1/2-1/2"]
[WhiteTitle "GM"]
[BlackTitle "GM"]
[WhiteElo "2640"]
[BlackElo "2668"]
[WhiteFideId "2047640"]
[BlackFideId "2004887"]
[EventDate "2018.03.06"]

1. d4 Nf6 2. Nf3 g6 3. Nbd2 Bg7 4. e4 d6 5. Bd3 O-O 6. O-O Nc6 7. c3 e5 8. dxe5
Nxe5 9. Nxe5 dxe5 10. Nc4 Qe7 11. Qe2 Rd8 12. Bg5 h6 13. Bh4 b6 14. Rfd1 Bb7 15.
Ne3 a5 16. a4 h5 17. Bc4 Bh6 18. f3 Rxd1+ 19. Rxd1 Rd8 20. Nd5 Bxd5 21. Bxd5 g5
22. Bf2 Nxd5 23. Rxd5 Rxd5 24. exd5 f5 25. g4 hxg4 26. fxg4 f4 27. Qe4 Bg7 28.
Kg2 Qd7 29. h3 Kf7 30. Kf3 Kf6 31. b3 Ke7 32. c4 Qd6 33. Qh7 Kf7 34. Qf5+ Kg8
35. Ke4 Qb4 36. Qe6+ Kh7 37. Kf5 Qxb3 38. Qg6+ Kg8 39. Qe8+ Kh7 40. Qh5+ Kg8 41.
Qe8+ Kh7 42. Qg6+ 1/2-1/2

[Event "St Louis Spring A"]
[Site "Saint Louis USA"]
[Date "2018.03.12"]
[Round "7.4"]
[White "Ganguly, Surya Shekhar"]
[Black "Bruzon Batista, Lazaro"]
[Result "0-1"]
[WhiteTitle "GM"]
[BlackTitle "GM"]
[WhiteElo "2657"]
[BlackElo "2673"]
[WhiteFideId "5002150"]
[BlackFideId "3503739"]
[EventDate "2018.03.06"]

1. e4 e5 2. Nf3 Nc6 3. Bc4 Nf6 4. d3 Be7 5. O-O O-O 6. Re1 d6 7. a4 Be6 8. Nbd2
Bxc4 9. Nxc4 Re8 10. Bd2 a5 11. h3 b6 12. c3 h6 13. Qb3 Bf8 14. Rad1 d5 15. Ne3
dxe4 16. dxe4 Nxe4 17. Bc1 Nd6 18. Qd5 Qd7 19. Nc4 Rad8 20. Nfxe5 Nxe5 21. Nxe5
Qxa4 22. c4 Qc2 23. g4 Rxe5 24. Qxe5 Ne4 25. Bd2 Nxd2 26. Qf4 g5 27. Qf5 Qxf5
28. gxf5 Rd3 29. Kh1 Bd6 30. Kg2 Kg7 31. Re8 Rd4 32. Rc8 Nf3 0-1

[Event "St Louis Spring A"]
[Site "Saint Louis USA"]
[Date "2018.03.12"]
[Round "7.5"]
[White "Ipatov, Alexander"]
[Black "Akobian, Varuzhan"]
[Result "0-1"]
[WhiteTitle "GM"]
[BlackTitle "GM"]
[WhiteElo "2665"]
[BlackElo "2640"]
[WhiteFideId "14116731"]
[BlackFideId "13300580"]
[EventDate "2018.03.06"]

1. d4 Nf6 2. c4 e6 3. Nf3 d5 4. Bg5 Be7 5. Qc2 h6 6. Bxf6 Bxf6 7. e3 c5 8. cxd5
cxd4 9. Bb5+ Ke7 10. exd4 exd5 11. O-O Be6 12. Re1 Qd6 13. Nc3 Nc6 14. Bxc6 Qxc6
15. Ne5 Bxe5 16. Rxe5 f6 17. Re3 Rhe8 18. Qh7 Kf8 19. Rg3 Re7 20. h3 Bg8 21. Qh8
Qe6 22. Rc1 Rc8 23. Kh2 Rcc7 24. Rf3 Qd6+ 25. g3 a6 26. Rf5 Qe6 27. Rxd5 Re8 28.
Rh5 b5 29. d5 Qb6 30. Rf5 b4 31. d6 Qxd6 32. Nd5 Rxc1 33. Nxf6 Ke7 34. Qxg7+ Kd8
35. Nxe8 Bd5 36. Rxd5 Qxd5 37. Qf6+ Kxe8 38. Qh8+ Kd7 39. Qg7+ Kc8 40. Qf8+ Kb7
41. Qxb4+ Qb5 42. Qd2 Qc6 43. Qb4+ Qb6 44. Qe7+ Rc7 45. Qe2 Rf7 46. f4 Rc7 47.
g4 Qb5 48. Qe4+ Qc6 49. Qb4+ Qb6 50. Qe4+ Kb8 51. Qe8+ Ka7 52. Qe2 Qc5 53. Kg3
Re7 54. Qd2 Qe3+ 55. Qxe3+ Rxe3+ 56. Kh4 Kb7 57. g5 hxg5+ 58. fxg5 Kc7 59. g6
Re2 60. Kg5 Kd7 61. g7 Ke7 62. g8=N+ Ke6 63. Nf6 Rg2+ 64. Ng4 Rxb2 65. h4 Rxa2
66. h5 Rg2 67. h6 Kf7 68. Kf5 Rxg4 0-1

[Event "St Louis Spring A"]
[Site "Saint Louis USA"]
[Date "2018.03.13"]
[Round "8.1"]
[White "Swiercz, Dariusz"]
[Black "Bruzon Batista, Lazaro"]
[Result "1/2-1/2"]
[WhiteTitle "GM"]
[BlackTitle "GM"]
[WhiteElo "2654"]
[BlackElo "2673"]
[WhiteFideId "1126881"]
[BlackFideId "3503739"]
[EventDate "2018.03.06"]

1. e4 c5 2. Nf3 d6 3. d4 cxd4 4. Nxd4 Nf6 5. Nc3 a6 6. Bg5 Nbd7 7. Bc4 Qb6 8.
Bb3 e6 9. Qd2 Be7 10. O-O-O Nc5 11. f3 Qc7 12. g4 b5 13. a3 Bd7 14. Ba2 Rb8 15.
b4 Nb7 16. Be3 Rc8 17. Kb2 O-O 18. h4 a5 19. g5 Nh5 20. Ncxb5 Qb8 21. Na7 Rc7
22. Ndb5 Bxb5 23. Nxb5 Rd7 24. Nd4 Nd8 25. c3 g6 26. Rhe1 Qa8 27. Bb3 Ng7 28.
Qc2 d5 29. f4 Rc7 30. exd5 axb4 31. axb4 Bxb4 32. Nb5 Rc8 33. Qf2 Ba5 34. Bc5
Qb8 35. Bxf8 Kxf8 36. dxe6 Ngxe6 37. Re5 Nc6 38. Red5 Ne7 39. Re5 Nc6 40. Red5
Ne7 41. Qe3 Nxd5 42. Rxd5 Bb6 43. Qe4 Rc5 44. f5 Qh2+ 45. Ka3 gxf5 46. Qxf5 Qxh4
47. Nd6 Qh5 48. Qf6 Qg6 49. Qh8+ Qg8 50. Qxg8+ Kxg8 51. Ne4 Rxd5 52. Bxd5 Kg7
53. c4 Kg6 54. Kb4 Nxg5 55. Nxg5 Kxg5 56. Bxf7 1/2-1/2

[Event "St Louis Spring A"]
[Site "Saint Louis USA"]
[Date "2018.03.13"]
[Round "8.3"]
[White "Edouard, Romain"]
[Black "Xiong, Jeffery"]
[Result "1/2-1/2"]
[WhiteTitle "GM"]
[BlackTitle "GM"]
[WhiteElo "2612"]
[BlackElo "2640"]
[WhiteFideId "633429"]
[BlackFideId "2047640"]
[EventDate "2018.03.06"]

1. c4 e5 2. g3 Nf6 3. Bg2 d5 4. cxd5 Nxd5 5. Nc3 Nb6 6. Nf3 Nc6 7. O-O Be7 8. a3
O-O 9. b4 Be6 10. Rb1 f6 11. b5 Nd4 12. e3 Nxf3+ 13. Bxf3 Nd5 14. Ne2 Qd7 15. d4
Rad8 16. Qc2 Kh8 17. Bg2 Bh3 18. Bxh3 Qxh3 19. e4 Nb6 20. Be3 Qe6 21. d5 Qd7 22.
a4 f5 23. f3 fxe4 24. fxe4 Qg4 25. Kg2 Qg6 26. Bxb6 axb6 27. Rxf8+ Rxf8 28. Rf1
Rxf1 29. Kxf1 Bc5 30. Kg2 Qg5 1/2-1/2

[Event "St Louis Spring A"]
[Site "Saint Louis USA"]
[Date "2018.03.13"]
[Round "8.4"]
[White "Onischuk, Alexander"]
[Black "Zherebukh, Yaroslav"]
[Result "1/2-1/2"]
[WhiteTitle "GM"]
[BlackTitle "GM"]
[WhiteElo "2681"]
[BlackElo "2633"]
[WhiteFideId "14101025"]
[BlackFideId "14116804"]
[EventDate "2018.03.06"]

1. d4 Nf6 2. c4 g6 3. Nc3 d5 4. cxd5 Nxd5 5. Bd2 Bg7 6. e4 Nxc3 7. Bxc3 O-O 8.
Qd2 c5 9. d5 e6 10. Bc4 Bxc3 11. bxc3 a6 12. dxe6 Bxe6 13. Bxe6 fxe6 14. Nf3
Qxd2+ 15. Kxd2 Nd7 16. Ke3 b5 17. a4 Rfb8 18. axb5 axb5 19. Rxa8 Rxa8 20. Rb1
Ra3 21. Rxb5 Rxc3+ 22. Kd2 Ra3 23. Rb7 Nf6 24. Ng5 e5 25. Rb8+ Kg7 26. Rb7+ Kg8
27. Rb8+ Kg7 28. Ne6+ Kf7 29. Ng5+ Kg7 30. Ne6+ Kf7 31. Ng5+ 1/2-1/2

[Event "St Louis Spring A"]
[Site "Saint Louis USA"]
[Date "2018.03.13"]
[Round "8.5"]
[White "Shankland, Samuel"]
[Black "Ipatov, Alexander"]
[Result "1/2-1/2"]
[WhiteTitle "GM"]
[BlackTitle "GM"]
[WhiteElo "2668"]
[BlackElo "2665"]
[WhiteFideId "2004887"]
[BlackFideId "14116731"]
[EventDate "2018.03.06"]

1. d4 Na6 2. c4 e5 3. dxe5 d6 4. Nf3 Bf5 5. Bg5 Qd7 6. Nc3 dxe5 7. Qxd7+ Bxd7 8.
Nxe5 Be6 9. Bf4 O-O-O 10. e3 Nf6 11. Be2 Bb4 12. O-O Bxc3 13. bxc3 Ne4 14. Rfc1
Rd2 15. Bf3 f5 16. Bg3 Rhd8 17. Bh4 R8d6 18. Be7 Rb6 19. Rd1 Rbb2 20. Bxe4 fxe4
21. Rxd2 Rxd2 22. Kf1 Nb8 23. Ke1 Rc2 24. Rd1 Nd7 25. Nxd7 Bxd7 26. Rd4 Rxa2 27.
Rxe4 Ra1+ 28. Kd2 Ra2+ 29. Ke1 a5 30. Rh4 a4 31. Rxh7 b6 32. Rh8+ Kb7 33. Rd8
Ra1+ 34. Ke2 Be6 35. Rd1 Bxc4+ 36. Ke1 Ra2 37. Rd2 Ra1+ 38. Rd1 Ra2 39. Rd2 Ra1+ 1/2-1/2

[Event "St Louis Spring A"]
[Site "Saint Louis USA"]
[Date "2018.03.14"]
[Round "9.1"]
[White "Xiong, Jeffery"]
[Black "Onischuk, Alexander"]
[Result "1-0"]
[WhiteTitle "GM"]
[BlackTitle "GM"]
[WhiteElo "2640"]
[BlackElo "2681"]
[WhiteFideId "2047640"]
[BlackFideId "14101025"]
[EventDate "2018.03.06"]

1. d4 Nf6 2. c4 e6 3. g3 c5 4. d5 exd5 5. cxd5 g6 6. Nc3 d6 7. Bg2 Bg7 8. Nf3
O-O 9. O-O a6 10. a4 Re8 11. Bf4 Qc7 12. h3 Nbd7 13. Qd2 Rb8 14. Rab1 b5 15.
axb5 axb5 16. b4 Ne4 17. Nxe4 Rxe4 18. Ng5 Re8 19. Ne4 Rxe4 20. Bxe4 c4 21. Bh6
Bh8 22. Be3 Nb6 23. Bd4 Bxd4 24. Qxd4 Bxh3 25. Rfe1 Qe7 26. Ra1 h5 27. Ra6 h4
28. Bf3 Qb7 29. Rea1 hxg3 30. fxg3 Na4 31. Rxd6 Qe7 32. Rc6 Bd7 33. Rc7 Qd6 34.
Qf4 Rb6 35. Kg2 Kf8 36. e4 Ke7 37. Ra7 f6 38. Rh1 1-0

[Event "St Louis Spring A"]
[Site "Saint Louis USA"]
[Date "2018.03.14"]
[Round "9.2"]
[White "Bruzon Batista, Lazaro"]
[Black "Akobian, Varuzhan"]
[Result "1/2-1/2"]
[WhiteTitle "GM"]
[BlackTitle "GM"]
[WhiteElo "2673"]
[BlackElo "2640"]
[WhiteFideId "3503739"]
[BlackFideId "13300580"]
[EventDate "2018.03.06"]

1. e4 e6 2. d4 d5 3. e5 c5 4. c3 Nc6 5. Nf3 Qb6 6. a3 c4 7. Nbd2 Na5 8. Be2 Bd7
9. Rb1 Ne7 10. O-O Qc7 11. Re1 Nc8 12. Nf1 Nb3 13. Bf4 Nb6 14. N3d2 Na5 15. h4
Be7 16. h5 h6 17. Bh2 Ba4 18. Qc1 O-O-O 19. Bg4 Bg5 20. f4 Bh4 21. Re2 Nb3 22.
Nxb3 cxb3 23. Nd2 Qd7 24. Nf3 Be7 25. Bh3 Bb5 26. Re3 Nc4 27. Re1 g6 28. Qd1 Ba4
29. Kh1 Rdg8 30. Qe2 Bb5 1/2-1/2

[Event "St Louis Spring A"]
[Site "Saint Louis USA"]
[Date "2018.03.14"]
[Round "9.3"]
[White "Zherebukh, Yaroslav"]
[Black "Swiercz, Dariusz"]
[Result "0-1"]
[WhiteTitle "GM"]
[BlackTitle "GM"]
[WhiteElo "2633"]
[BlackElo "2654"]
[WhiteFideId "14116804"]
[BlackFideId "1126881"]
[EventDate "2018.03.06"]

1. e4 e5 2. Nf3 Nc6 3. Bb5 Nf6 4. O-O Nxe4 5. d4 Nd6 6. Bxc6 dxc6 7. dxe5 Nf5 8.
Qxd8+ Kxd8 9. b3 Ke8 10. Bb2 Be7 11. Nc3 Nh4 12. Nd4 Nf5 13. Nce2 Nxd4 14. Nxd4
c5 15. Nb5 Kd7 16. f4 Kc6 17. c4 a6 18. Nc3 g6 19. Nd5 Re8 20. Rad1 Be6 21. Rd2
h5 22. Rfd1 Bf8 23. Nf6 Reb8 24. Bc3 b5 25. Nd5 a5 26. Nf6 bxc4 27. bxc4 a4 28.
h3 a3 29. Nd7 Rd8 30. Nxf8 Rxf8 31. Rc2 Ra4 32. Bd2 Rd8 33. Kf2 Rxc4 34. Rxc4
Bxc4 35. Ke1 Rd3 36. Rc1 Bd5 37. Bb4 c4 38. Kf2 h4 39. Kf1 Rd4 40. Bxa3 Rd2 41.
Be7 Rxa2 42. Bxh4 Bxg2+ 43. Kg1 Kd5 44. Rd1+ Ke4 45. Rc1 Kd5 46. Rd1+ Ke6 47.
Be1 Bxh3 48. Rd4 Rg2+ 49. Kh1 Re2 50. Ba5 Bg2+ 51. Kg1 Bd5 52. Kf1 Rh2 53. Ke1
c6 54. Rd2 Rh4 55. Rf2 Kf5 56. Bd2 Rh3 0-1

[Event "St Louis Spring A"]
[Site "Saint Louis USA"]
[Date "2018.03.14"]
[Round "9.4"]
[White "Ganguly, Surya Shekhar"]
[Black "Shankland, Samuel"]
[Result "0-1"]
[WhiteTitle "GM"]
[BlackTitle "GM"]
[WhiteElo "2657"]
[BlackElo "2668"]
[WhiteFideId "5002150"]
[BlackFideId "2004887"]
[EventDate "2018.03.06"]

1. e4 c5 2. Nc3 Nc6 3. Nf3 g6 4. d4 cxd4 5. Nxd4 Bg7 6. Nb3 Nf6 7. Be2 O-O 8.
O-O d6 9. Re1 b6 10. Bf1 Bb7 11. Bg5 Rc8 12. Nd5 e6 13. Nc3 a6 14. Qd2 b5 15.
Rad1 Ne5 16. f3 Nc4 17. Bxc4 bxc4 18. Nc1 Qb6+ 19. Be3 Qxb2 20. N1e2 Qa3 21.
Qxd6 Qxd6 22. Rxd6 Rc6 23. Rxc6 Bxc6 24. Rb1 Nd7 25. Rb4 Rc8 26. Rxc4 Ne5 27.
Rc5 Nd7 28. Ra5 Bb7 29. Ra3 Rc4 30. Kf2 f5 31. exf5 gxf5 32. Ke1 Kf7 33. Kd2 Ne5
34. Rb3 Rc7 35. Ke1 Nc4 36. Bf2 e5 37. Na4 Bf8 38. Nc5 Bc8 39. Nd3 Bd6 40. Bg3
Be6 41. f4 e4 42. Ne5+ Nxe5 43. fxe5 Be7 44. Rb2 Ba3 45. Rb6 Bc5 46. Rxa6 Bb4+
47. c3 Bxc3+ 48. Nxc3 Rxc3 49. Ra7+ Kg6 50. Ra6 Kf7 51. a4 e3 52. Rd6 Rc4 53.
Ke2 f4 54. Be1 Rxa4 55. Rb6 Ra2+ 56. Kf3 Ra1 57. Bh4 Rf1+ 58. Ke4 e2 59. Rb7+
Kg6 60. Rb6 Kh5 61. Rxe6 Kxh4 62. Kf5 h5 0-1